水曜どうでしょうの企画 - Statistics

General Stats
  • This quiz has been taken 11 times
  • The average score is 21 of 57
Answer Stats
Answer % Correct
1996年 サイコロ1
88%
1997年 サイコロ2 〜西日本完全制覇〜
88%
1997年 サイコロ3 〜自律神経完全破壊〜
88%
1998年 サイコロ4 〜日本列島完全制覇〜
88%
1998年 サイコロ5 〜キング・オブ・深夜バス〜
88%
1996年 闘痔の旅
75%
1999年 ゴールデンスペシャル サイコロ6
75%
1998年 十勝二十番勝負
63%
1999年 クイズ!試験に出るどうでしょう
63%
2000年 試験に出るどうでしょう 石川県・富山県
63%
2000年 原付西日本制覇
63%
2001年 対決列島 〜甘いもの国盗り物語〜
63%
2002年 試験に出るどうでしょう 日本史
63%
2004年 ジャングル・リベンジ
63%
1998年 北極圏突入 〜アラスカ半島620マイル〜
63%
1996年 粗大ごみで家を作ろう
50%
1999年 四国八十八ヶ所
50%
1999年 アメリカ合衆国横断
50%
1999年 ヨーロッパ・リベンジ
50%
1997年 北海道212市町村カントリーサインの旅
50%
1997年 韓国食い道楽サイコロの旅
38%
1998年 門別沖釣りバカ対決
38%
1998年 シェフ大泉 車内でクリスマス・パーティー
38%
1999年 釣りバカ対決 氷上わかさぎ釣り対決
38%
2005年 激闘!西表島
38%
2023年 懐かしの西表島
38%
1998年 北海道212市町村カントリーサインの旅II
38%
1997年 オーストラリア大陸縦断3,700キロ
38%
1999年 72時間!原付東日本縦断ラリー
38%
1997年 宮崎リゾート満喫の旅
25%
2001年 リヤカーで喜界島一周
25%
2001年 中米・コスタリカで幻の鳥を激写する!
25%
2011年 原付日本列島制覇
25%
2007年 ヨーロッパ20ヵ国完全制覇 完結編
25%
1997年 ヨーロッパ21ヵ国完全制覇
25%
2020年 21年目のヨーロッパ21ヵ国完全制覇
25%
1998年 東京2泊3日70km
25%
2000年 onちゃんカレンダー
25%
1998年 マレーシアジャングル探検
13%
1998年 桜前線捕獲大作戦
13%
1998年 香港大観光旅行
13%
1998年 日本全国絵ハガキの旅
13%
1999年 シェフ大泉 夏野菜スペシャル
13%
2000年 今世紀最後の水曜どうでしょう
13%
2013年 初めてのアフリカ
13%
2002年 原付ベトナム縦断1800キロ
13%
2002年 日本全国絵ハガキの旅2
13%
2000年 30時間テレビの裏側全部見せます!
13%
2000年 四国八十八ヵ所II
13%
2002年 四国八十八ヵ所III
13%
2000年 春を満喫 グルメといで湯 ぶらり京都の旅
0%
2019年 北海道で家、建てます
0%
1998年 第1回水曜どうでしょうカルトクイズ世界大会
0%
2001年 ユーコン川160キロ 〜地獄の6日間〜
0%
2001年 釣りバカ対決!わかさぎ釣り2
0%
1999年 東北2泊3日生き地獄ツアー
0%
2002年 釣りバカグランドチャンピオン大会 屋久島24時間耐久魚取り対決
0%
No matching quizzes found
Score Distribution
Percent of People with Each Score
Percentile by Number Answered
Your Score History
You have not taken this quiz